[Event "TCh-FRA Top 12 2018"]
[Site "Brest FRA"]
[Date "2018.05.29"]
[Round "4.2"]
[Board "8"]
[White "Guichard, Pauline"]
[Black "Nelis, Jean-Francois"]
[Result "1-0"]
[WhiteTitle "WGM"]
[WhiteElo "2303"]
[BlackElo "2141"]
[WhiteTeam "CLICHY Echecs 92"]
[BlackTeam "C.E.M.C. Monaco"]
[WhiteFideId "639370"]
[BlackFideId "623830"]
[EventDate "2018.05.26"]

1. c4 g6 2. Nc3 Bg7 3. g3 c5 4. Bg2 Nc6 5. Nf3 e6 6. d3 Nge7 7. Bg5 h6 8. Bd2 d5
9. Qc1 b6 10. Rb1 Bb7 11. O-O Rc8 12. a3 Qd7 13. Re1 Nd4 14. b3 dxc4 15. dxc4
Nxf3+ 16. Bxf3 Bxf3 17. exf3 Nf5 18. Ne4 Qc6 19. Bc3 Nd4 20. Bxd4 cxd4 21. Qc2
O-O 22. Qd3 Rfd8 23. Rec1 e5 24. b4 h5 25. c5 Bh6 26. Re1 bxc5 27. Nxc5 Qd5 28.
Rbd1 a5 29. Ne4 Kg7 30. Nc5 axb4 31. axb4 Rb8 32. Rb1 Rb6 33. Re2 Kg8 34. Reb2
Rc8 35. Qe2 Bg7 36. Kg2 Rcb8 37. Qe4 Qd6 38. Nd3 f5 39. Qe2 Qd5 40. Kg1 Kh7 41.
Re1 Re8 42. Nc5 Rd6 43. Qd3 Rdd8 44. Rbe2 Rc8 45. h3 Bf8 46. g4 Bxc5 47. bxc5
hxg4 48. hxg4 f4 49. Kg2 Kh6 50. Rh1+ Kg5 51. Rh7 Qxc5 52. Re1 Qc6 53. Reh1 e4
54. Qxd4 exf3+ 55. Kh3 Rcd8 56. Qg7 Rc8 57. Qd4 Qe6 58. Rg1 Qc6 59. Rh1 Qb7 60.
Qd3 1-0

[Event "TCh-FRA Top 12 2018"]
[Site "Brest FRA"]
[Date "2018.05.29"]
[Round "4.3"]
[Board "1"]
[White "Navara, David"]
[Black "Donchenko, Alexander"]
[Result "1/2-1/2"]
[WhiteTitle "GM"]
[BlackTitle "GM"]
[WhiteElo "2727"]
[BlackElo "2587"]
[WhiteTeam "MULHOUSE Philidor"]
[BlackTeam "VANDOEUVRE-Echecs"]
[WhiteFideId "309095"]
[BlackFideId "24603295"]
[EventDate "2018.05.26"]

1. e4 c5 2. Nc3 d6 3. f4 g6 4. d4 cxd4 5. Qxd4 Nf6 6. Nf3 Bg7 7. Bd3 Nc6 8. Qf2
O-O 9. O-O Bg4 10. Qh4 Qa5 11. f5 Bxf3 12. Rxf3 Ne5 13. Rh3 h5 14. Kh1 Rac8 15.
Bd2 Qb6 16. Rb1 Nfg4 17. Rf1 Bf6 18. Nd5 Bxh4 19. Nxb6 Nxd3 20. cxd3 Nf2+ 21.
Rxf2 Bxf2 22. Nxc8 Rxc8 23. Bc3 b5 24. fxg6 fxg6 25. Rf3 b4 26. Rxf2 bxc3 27.
Rc2 Rf8 28. Kg1 cxb2 29. Rxb2 Rc8 30. Rb7 Kf7 31. Rxa7 Rc3 32. d4 Re3 33. e5
dxe5 34. dxe5 Rxe5 1/2-1/2

[Event "TCh-FRA Top 12 2018"]
[Site "Brest FRA"]
[Date "2018.05.29"]
[Round "4.3"]
[Board "2"]
[White "Bailet, Pierre"]
[Black "Bluebaum, Matthias"]
[Result "0-1"]
[WhiteTitle "IM"]
[BlackTitle "GM"]
[WhiteElo "2501"]
[BlackElo "2633"]
[WhiteTeam "VANDOEUVRE-Echecs"]
[BlackTeam "MULHOUSE Philidor"]
[WhiteFideId "655830"]
[BlackFideId "24651516"]
[EventDate "2018.05.26"]

1. e4 e6 2. d3 d5 3. Qe2 Nc6 4. Nf3 e5 5. exd5 Qxd5 6. Nc3 Qa5 7. Qd1 Bg4 8. Be2
O-O-O 9. O-O f5 10. Bd2 Nf6 11. a3 Bxf3 12. Bxf3 Nd4 13. Re1 Bd6 14. b4 Qb6 15.
Be3 Kb8 16. Rb1 Rhe8 17. a4 Bf8 18. Nb5 f4 19. Bxd4 exd4 20. Rxe8 Rxe8 21. Qd2
g5 22. h3 h5 23. Qd1 c6 24. Bxh5 Re6 25. Na3 Bxb4 26. Bg4 Re7 27. Nc4 Qc5 28.
Nd2 Qa5 29. Ne4 Nxe4 30. dxe4 Rxe4 31. Qd3 Qe5 32. Bf3 Re1+ 33. Rxe1 Qxe1+ 34.
Qf1 Qc3 35. Qe2 a5 36. Qe5+ Ka7 37. Qxg5 Qa1+ 38. Kh2 Qxa4 39. Qxf4 Qxc2 40.
Qxd4+ Bc5 41. Qf4 a4 42. Qc7 Qd2 0-1

[Event "TCh-FRA Top 12 2018"]
[Site "Brest FRA"]
[Date "2018.05.29"]
[Round "4.3"]
[Board "3"]
[White "Gledura, Benjamin"]
[Black "Solodovnichenko, Yuri"]
[Result "1-0"]
[WhiteTitle "GM"]
[BlackTitle "GM"]
[WhiteElo "2615"]
[BlackElo "2531"]
[WhiteTeam "MULHOUSE Philidor"]
[BlackTeam "VANDOEUVRE-Echecs"]
[WhiteFideId "712779"]
[BlackFideId "14104369"]
[EventDate "2018.05.26"]

1. Nf3 c5 2. c4 Nf6 3. Nc3 e6 4. g3 b6 5. Bg2 Bb7 6. O-O Be7 7. Re1 O-O 8. e4 d6
9. d4 cxd4 10. Nxd4 Qc8 11. b3 Re8 12. a4 a6 13. Ba3 Nbd7 14. Rc1 Bf8 15. h3 Qc7
16. Rc2 Rac8 17. Rd2 Qb8 18. Nf3 Nc5 19. Nh2 Qa8 20. Qc2 h5 21. Bb2 Red8 22. Nf1
b5 23. axb5 axb5 24. b4 Na6 25. Nxb5 d5 26. Bxf6 gxf6 27. exd5 Nxb4 28. Qd1 exd5
29. Qxh5 dxc4 30. Qg4+ Kh8 31. Qh4+ Kg7 32. Re4 Bc5 33. Rg4+ Kf8 34. Re2 1-0

[Event "TCh-FRA Top 12 2018"]
[Site "Brest FRA"]
[Date "2018.05.29"]
[Round "4.3"]
[Board "4"]
[White "Cossin, Sebastien"]
[Black "Sokolov, Andrei1"]
[Result "1/2-1/2"]
[WhiteTitle "IM"]
[BlackTitle "GM"]
[WhiteElo "2498"]
[BlackElo "2489"]
[WhiteTeam "VANDOEUVRE-Echecs"]
[BlackTeam "MULHOUSE Philidor"]
[WhiteFideId "618802"]
[BlackFideId "627089"]
[EventDate "2018.05.26"]

1. d4 Nf6 2. c4 e6 3. Nc3 Bb4 4. f3 d5 5. a3 Bxc3+ 6. bxc3 c5 7. cxd5 Nxd5 8.
dxc5 Qa5 9. e4 Ne7 10. Be3 O-O 11. Qb3 Nec6 12. Bb5 Qc7 13. Ne2 Na5 14. Qb4 e5
15. O-O Be6 16. Nd4 exd4 17. cxd4 Nac6 18. Qc3 Ne7 19. Bf2 Nbc6 20. Bg3 Qd7 21.
Bd6 a6 22. Bd3 Rfe8 23. d5 Nxd5 24. exd5 Bxd5 25. Bxh7+ Kxh7 26. Qd3+ Kg8 27.
Qxd5 Re2 28. Rfe1 Rae8 29. Kf1 Rxe1+ 30. Rxe1 Rxe1+ 31. Kxe1 Nd8 32. Qe4 Nc6 33.
h4 Qd8 34. h5 Qg5 35. Qe8+ Kh7 36. Qxf7 Qxg2 37. Qf5+ Kh8 38. Qf8+ Kh7 39. Qf5+
Kh8 40. Qg4 Qb2 41. Qe6 Qxa3 42. Qe8+ Kh7 43. Qg6+ 1/2-1/2

[Event "TCh-FRA Top 12 2018"]
[Site "Brest FRA"]
[Date "2018.05.29"]
[Round "4.3"]
[Board "5"]
[White "Riff, Jean-Noel"]
[Black "Hamitevici, Vladimir"]
[Result "1-0"]
[WhiteTitle "GM"]
[BlackTitle "GM"]
[WhiteElo "2507"]
[BlackElo "2508"]
[WhiteTeam "MULHOUSE Philidor"]
[BlackTeam "VANDOEUVRE-Echecs"]
[WhiteFideId "611190"]
[BlackFideId "13902393"]
[EventDate "2018.05.26"]

1. d4 Nf6 2. Bf4 g6 3. Nc3 Bg7 4. e4 d6 5. Qd2 Nc6 6. Nf3 O-O 7. Bh6 Bg4 8. Bxg7
Kxg7 9. d5 Bxf3 10. gxf3 Ne5 11. Be2 c6 12. h4 cxd5 13. h5 Qb6 14. O-O-O dxe4
15. fxe4 Rac8 16. hxg6 fxg6 17. f4 Nc4 18. Bxc4 Rxc4 19. f5 gxf5 20. Nd5 Nxd5
21. Rdg1+ Kf6 22. exd5 Qc7 23. Rxh7 Ke5 24. Re1+ Re4 25. Rxe4+ fxe4 26. Qg5+ Kd4
27. Qg7+ Kxd5 1-0

[Event "TCh-FRA Top 12 2018"]
[Site "Brest FRA"]
[Date "2018.05.29"]
[Round "4.3"]
[Board "6"]
[White "Adrian, Claude"]
[Black "Istratescu, Andrei"]
[Result "0-1"]
[WhiteTitle "IM"]
[BlackTitle "GM"]
[WhiteElo "2274"]
[BlackElo "2589"]
[WhiteTeam "VANDOEUVRE-Echecs"]
[BlackTeam "MULHOUSE Philidor"]
[WhiteFideId "601071"]
[BlackFideId "1200372"]
[EventDate "2018.05.26"]

1. c4 c5 2. Nf3 Nc6 3. Nc3 Nf6 4. g3 d5 5. cxd5 Nxd5 6. Nxd5 Qxd5 7. Bg2 g6 8.
O-O Bg7 9. d3 O-O 10. Be3 Bxb2 11. Rb1 Bg7 12. Nd4 Qxa2 13. Nxc6 bxc6 14. Bxc5
Bg4 15. Qb3 Qxb3 16. Rxb3 a5 17. d4 Bxe2 18. Re1 a4 19. Rb7 Bb5 20. Rbxe7 a3 21.
Ra1 a2 22. Ra7 Rxa7 23. Bxa7 Bc4 24. Bxc6 Rd8 25. Bg2 Rxd4 26. Bf1 Be6 0-1

[Event "TCh-FRA Top 12 2018"]
[Site "Brest FRA"]
[Date "2018.05.29"]
[Round "4.3"]
[Board "7"]
[White "Burri, Quentin"]
[Black "Iglesias, Joachim"]
[Result "1-0"]
[WhiteTitle "FM"]
[WhiteElo "2434"]
[BlackElo "2249"]
[WhiteTeam "MULHOUSE Philidor"]
[BlackTeam "VANDOEUVRE-Echecs"]
[WhiteFideId "26028654"]
[BlackFideId "637823"]
[EventDate "2018.05.26"]

1. e4 d6 2. d4 Nf6 3. Nc3 g6 4. Bg5 c6 5. f4 Nbd7 6. Nf3 d5 7. e5 Ne4 8. Nxe4
dxe4 9. Nd2 f5 10. Nc4 Qc7 11. d5 cxd5 12. Qxd5 Nc5 13. O-O-O Be6 14. Qd4 Bg7
15. Ne3 h6 16. Bh4 g5 17. Bg3 Rd8 18. Bb5+ Kf7 19. Qc3 Na6 20. Be2 Rxd1+ 21.
Rxd1 Qxc3 22. Bh5+ Kg8 23. bxc3 Kh7 24. Nd5 Bxd5 25. Rxd5 Rc8 26. Kd2 Nc5 27. h4
e6 28. Rd4 g4 29. Bf2 Bf8 30. Rc4 Kg8 31. a4 a5 32. Bg6 Be7 33. h5 Kf8 34. Ke2
b6 35. Be3 Rc7 36. Bc1 Rd7 37. Be3 Rd5 38. Bf2 1-0

[Event "TCh-FRA Top 12 2018"]
[Site "Brest FRA"]
[Date "2018.05.29"]
[Round "4.3"]
[Board "8"]
[White "Steil-Antoni, Fiona"]
[Black "Haussernot, Cecile"]
[Result "0-1"]
[WhiteTitle "WIM"]
[BlackTitle "WIM"]
[WhiteElo "2200"]
[BlackElo "2189"]
[WhiteTeam "VANDOEUVRE-Echecs"]
[BlackTeam "MULHOUSE Philidor"]
[WhiteFideId "4001249"]
[BlackFideId "601632"]
[EventDate "2018.05.26"]

1. e4 c5 2. Nf3 d6 3. d4 cxd4 4. Qxd4 a6 5. c4 Nc6 6. Qe3 Bg4 7. Be2 g6 8. O-O
Bg7 9. Rd1 Bxf3 10. Bxf3 Rc8 11. Be2 Ne5 12. Qb3 Nf6 13. f4 Ned7 14. e5 Ne4 15.
Be3 dxe5 16. fxe5 Bxe5 17. Qxb7 Nd6 18. Qxa6 Nf5 19. Bf2 Bxb2 20. g4 Nd6 21. Bd4
Bxa1 22. Bxa1 O-O 23. Qa4 Qc7 24. Nd2 Qc5+ 25. Kf1 f5 26. Qxd7 fxg4+ 27. Nf3
gxf3 28. Qe6+ Rf7 29. Bxf3 Qa3 30. Qxc8+ Nxc8 31. Rd8+ Rf8 0-1

[Event "TCh-FRA Top 12 2018"]
[Site "Brest FRA"]
[Date "2018.05.29"]
[Round "4.4"]
[Board "1"]
[White "Safarli, Eltaj"]
[Black "Eljanov, Pavel"]
[Result "1/2-1/2"]
[WhiteTitle "GM"]
[BlackTitle "GM"]
[WhiteElo "2657"]
[BlackElo "2702"]
[WhiteTeam "Metz Fischer"]
[BlackTeam "NICE Alekhine"]
[WhiteFideId "13402129"]
[BlackFideId "14102951"]
[EventDate "2018.05.26"]

1. e4 e5 2. Nf3 Nc6 3. Bb5 Nf6 4. O-O Nxe4 5. Qe2 Nd6 6. Bxc6 dxc6 7. Qxe5+ Be6
8. Ng5 Qf6 9. Re1 O-O-O 10. Nxe6 Re8 11. Qxf6 gxf6 12. b3 fxe6 13. Bb2 e5 14.
Nc3 Bg7 15. Ne4 Rhg8 16. f4 exf4 17. Nxd6+ cxd6 18. Rxe8+ Rxe8 19. Rf1 Re2 20.
Rf2 Re1+ 1/2-1/2

[Event "TCh-FRA Top 12 2018"]
[Site "Brest FRA"]
[Date "2018.05.29"]
[Round "4.4"]
[Board "2"]
[White "Lagarde, Maxime"]
[Black "Riazantsev, Alexander"]
[Result "0-1"]
[WhiteTitle "GM"]
[BlackTitle "GM"]
[WhiteElo "2604"]
[BlackElo "2662"]
[WhiteTeam "NICE Alekhine"]
[BlackTeam "Metz Fischer"]
[WhiteFideId "662399"]
[BlackFideId "4125029"]
[EventDate "2018.05.26"]

1. e4 c6 2. d4 d5 3. e5 Bf5 4. Nf3 e6 5. Be2 c5 6. Be3 Qb6 7. Nc3 Nc6 8. Na4
Qa5+ 9. c3 c4 10. b4 Bxb4 11. cxb4 Nxb4 12. Nc5 Nc2+ 13. Kf1 Nxa1 14. Qxa1 Qc7
15. g4 Bxg4 16. Rg1 h5 17. Nh4 b6 18. Na4 Qe7 19. Ng2 Nh6 20. Qb2 Nf5 21. Ke1
Rb8 22. Bd2 Bxe2 23. Kxe2 Qd7 24. Nc5 Qc8 25. Na4 Qc6 26. Qa3 Nxd4+ 27. Kd1 Nf3
28. Qxf3 Qxa4+ 29. Ke1 Qxa2 30. Qg3 g6 31. Bg5 Rc8 32. Qf4 Qb1+ 33. Ke2 Qd3+ 34.
Ke1 Qb1+ 35. Ke2 Qxg1 36. Qf6 Kd7 37. Qxf7+ Kc6 38. Qxe6+ Kb7 39. Qxd5+ Ka6 40.
e6 Rhf8 41. Bh4 Rc5 42. Qe4 Qa1 43. Ne3 Qe5 44. Qxg6 Rc6 45. e7 Rxf2+ 0-1

[Event "TCh-FRA Top 12 2018"]
[Site "Brest FRA"]
[Date "2018.05.29"]
[Round "4.4"]
[Board "3"]
[White "Feller, Sebastien"]
[Black "Stevic, Hrvoje"]
[Result "1-0"]
[WhiteTitle "GM"]
[BlackTitle "GM"]
[WhiteElo "2574"]
[BlackElo "2588"]
[WhiteTeam "Metz Fischer"]
[BlackTeam "NICE Alekhine"]
[WhiteFideId "634654"]
[BlackFideId "14502569"]
[EventDate "2018.05.26"]

1. d4 d5 2. c4 dxc4 3. e3 Nf6 4. Bxc4 e6 5. Nf3 c5 6. O-O a6 7. Nc3 b5 8. Be2
Bb7 9. dxc5 Qxd1 10. Rxd1 Bxc5 11. Nd2 Nc6 12. Nde4 Be7 13. Nd6+ Bxd6 14. Rxd6
Ke7 15. Rd1 Rhd8 16. Bd2 Rd7 17. Be1 Rad8 18. Rxd7+ Rxd7 19. Rc1 Ne5 20. a4 b4
21. Nb1 Nd5 22. Nd2 Rc7 23. Rxc7+ Nxc7 24. Nb3 Nc6 25. Na5 Ba8 26. Nxc6+ Bxc6
27. Bxb4+ Kd7 28. b3 Bd5 29. Bd1 e5 30. f3 e4 31. Kf2 f5 32. g4 fxg4 33. fxg4
Ne6 34. Bc3 Nc5 35. b4 Nd3+ 36. Kg3 g5 37. Bf6 Nxb4 38. Bxg5 Ke6 39. Bd8 Nd3 40.
g5 Ne5 41. h4 Kf5 42. Bc7 a5 43. Bxe5 Kxe5 44. Kg4 Bf7 45. h5 Be6+ 46. Kh4 Bf7
47. h6 Bg8 48. Bg4 Bf7 49. Bh5 Bg8 50. Be8 Ke6 51. g6 Kf6 52. Bf7 Bxf7 53. gxh7 1-0

[Event "TCh-FRA Top 12 2018"]
[Site "Brest FRA"]
[Date "2018.05.29"]
[Round "4.4"]
[Board "4"]
[White "Rambaldi, Francesco"]
[Black "Terrieux, Kevin"]
[Result "1-0"]
[WhiteTitle "GM"]
[BlackTitle "IM"]
[WhiteElo "2556"]
[BlackElo "2462"]
[WhiteTeam "NICE Alekhine"]
[BlackTeam "Metz Fischer"]
[WhiteFideId "20657307"]
[BlackFideId "622591"]
[EventDate "2018.05.26"]

1. Nf3 d5 2. b3 Nf6 3. Bb2 e6 4. c4 Be7 5. g3 O-O 6. Bg2 a5 7. Nc3 Nbd7 8. d4 b6
9. O-O Bb7 10. Rc1 Qb8 11. cxd5 Nxd5 12. Nxd5 exd5 13. Qc2 c5 14. Rfd1 Re8 15.
Qf5 Nf6 16. e3 g6 17. Qc2 Rc8 18. dxc5 bxc5 19. Be5 Qa7 20. Qb2 Qb6 21. Ne1 Rd8
22. Nd3 Ng4 23. h3 Nxe5 24. Qxe5 Bf8 25. Nf4 Bg7 26. Qe7 Bf8 27. Qe5 Bg7 28. Qe7
Bf8 29. Qg5 d4 30. Bxb7 Qxb7 31. exd4 cxd4 32. Rc4 Bg7 33. Nd3 Re8 34. Qf4 Rac8
35. Rdc1 Rxc4 36. Rxc4 Rc8 37. Qc1 Re8 38. Rc7 Qe4 39. Rc8 Bf8 40. Rxe8 Qxe8 41.
Qe1 Qa8 42. Qe5 Bg7 43. Qe2 h5 44. h4 Qc6 45. Ne1 Bf6 46. Qd1 Kg7 47. Nd3 Qe4
48. Nb2 Kg8 49. Nd3 Kg7 50. Kf1 Qc6 51. Qd2 Qe4 52. Qc2 Kg8 53. Ne1 Qe6 54. Qd3
Qd5 55. Ke2 Kg7 56. Nf3 Qe6+ 57. Kd1 Qd5 58. Ke2 Qe6+ 59. Kd1 Qd5 60. Nd2 Kg8
61. Qf3 Qe6 62. Qe4 Qa6 63. Nc4 a4 64. Qd3 axb3 65. axb3 Kg7 66. Ke2 Qe6+ 67.
Kd2 Qd5 68. Ke2 Qe6+ 69. Kd1 Qd5 70. Nd2 Qh1+ 71. Ke2 Qd5 72. Ne4 Be7 73. Nd2
Bb4 74. Qe4 Qb5+ 75. Nc4 Bc3 76. Qe5+ Qxe5+ 77. Nxe5 Kf6 78. Nf3 Ke6 79. Ng5+
Kd5 80. Nxf7 Kc5 81. Ne5 Kb4 82. Nxg6 Kxb3 83. Kd3 Be1 84. f4 Kb4 85. Kxd4 1-0

[Event "TCh-FRA Top 12 2018"]
[Site "Brest FRA"]
[Date "2018.05.29"]
[Round "4.4"]
[Board "5"]
[White "Antoniewski, Rafal"]
[Black "Gharamian, Tigran"]
[Result "1/2-1/2"]
[WhiteTitle "GM"]
[BlackTitle "GM"]
[WhiteElo "2521"]
[BlackElo "2614"]
[WhiteTeam "Metz Fischer"]
[BlackTeam "NICE Alekhine"]
[WhiteFideId "1111078"]
[BlackFideId "13301527"]
[EventDate "2018.05.26"]

1. Nf3 d5 2. d4 Nf6 3. c4 e6 4. Nc3 c5 5. cxd5 Nxd5 6. e4 Nxc3 7. bxc3 cxd4 8.
cxd4 Bb4+ 9. Bd2 Bxd2+ 10. Qxd2 O-O 11. Bc4 Nd7 12. O-O b6 13. a4 Bb7 14. Rfe1
Nf6 15. Bd3 h6 16. a5 bxa5 17. Rxa5 Qc7 18. Rc1 Qd8 19. Re1 Qc7 20. Rc1 Qd8 1/2-1/2

[Event "TCh-FRA Top 12 2018"]
[Site "Brest FRA"]
[Date "2018.05.29"]
[Round "4.4"]
[Board "6"]
[White "Wagner, Dennis"]
[Black "Vitoux, Colomban"]
[Result "1/2-1/2"]
[WhiteTitle "GM"]
[BlackTitle "IM"]
[WhiteElo "2567"]
[BlackElo "2384"]
[WhiteTeam "NICE Alekhine"]
[BlackTeam "Metz Fischer"]
[WhiteFideId "24650684"]
[BlackFideId "628549"]
[EventDate "2018.05.26"]

1. d4 d5 2. c4 c6 3. Nf3 Nf6 4. e3 e6 5. b3 Bd6 6. Bb2 Nbd7 7. Bd3 O-O 8. O-O b6
9. Nc3 Bb7 10. Qc2 Rc8 11. Rad1 c5 12. Qe2 Qe7 13. cxd5 exd5 14. dxc5 bxc5 15.
Ba6 Bxa6 16. Qxa6 Qe6 17. Qd3 Ne5 18. Nxe5 Bxe5 19. Rd2 c4 20. bxc4 dxc4 21. Qc2
Rfd8 22. Rfd1 Rxd2 23. Qxd2 h5 24. h3 Rb8 25. Ba1 Qf5 26. Qc1 Kh7 27. Ne2 Bxa1
28. Qxa1 Rb7 29. Qc1 Rc7 30. Rd4 Qc5 31. Qb1+ g6 32. Nc3 Rd7 33. Ne4 Nxe4 34.
Rxd7 Qf5 35. Rxf7+ Qxf7 36. Qxe4 Qc7 37. Kf1 c3 38. Qc2 Qc4+ 39. Ke1 a5 40. Qb3
Qd3 41. Qf7+ Kh6 42. Qf4+ Kh7 43. Qf7+ Kh6 44. Qf8+ Kh7 45. Qf7+ 1/2-1/2

[Event "TCh-FRA Top 12 2018"]
[Site "Brest FRA"]
[Date "2018.05.29"]
[Round "4.4"]
[Board "7"]
[White "Koch, Jean-Rene"]
[Black "Flear, Glenn C"]
[Result "1/2-1/2"]
[WhiteTitle "IM"]
[BlackTitle "GM"]
[WhiteElo "2454"]
[BlackElo "2444"]
[WhiteTeam "Metz Fischer"]
[BlackTeam "NICE Alekhine"]
[WhiteFideId "600148"]
[BlackFideId "400165"]
[EventDate "2018.05.26"]

1. c4 e6 2. Nf3 d5 3. b3 Be7 4. Bb2 Bf6 5. d4 dxc4 6. e4 cxb3 7. Qxb3 Nh6 8. Be2
O-O 9. O-O b6 10. Rd1 Bb7 11. Nc3 Nc6 12. d5 Na5 13. Qc2 exd5 14. Nxd5 Bxb2 15.
Qxb2 c6 16. Nf4 Qe7 17. Nh5 f6 18. Ng3 Rad8 19. Re1 c5 20. Bf1 Kh8 21. h3 Nc6
22. e5 fxe5 23. Nxe5 Qg5 24. Nf3 Qf6 25. Qxf6 Rxf6 26. Ne4 Rff8 27. Neg5 Rd6 28.
Rad1 Rxd1 29. Rxd1 Rd8 30. Re1 g6 31. Bb5 a6 32. Bxc6 Bxc6 33. Re6 Rd1+ 34. Kh2
Bxf3 35. gxf3 Nf5 36. Rxb6 Rd2 37. Rxa6 Rxf2+ 38. Kg1 Rc2 39. Ra7 h6 40. Ne4 Kg8
41. Rd7 Rxa2 42. Nf6+ Kf8 43. Nh7+ 1/2-1/2

[Event "TCh-FRA Top 12 2018"]
[Site "Brest FRA"]
[Date "2018.05.29"]
[Round "4.4"]
[Board "8"]
[White "Bollengier, Andreea"]
[Black "Monpeurt, Cyrielle"]
[Result "0-1"]
[WhiteTitle "WIM"]
[BlackTitle "WFM"]
[WhiteElo "2260"]
[BlackElo "2168"]
[WhiteTeam "NICE Alekhine"]
[BlackTeam "Metz Fischer"]
[WhiteFideId "1203347"]
[BlackFideId "677400"]
[EventDate "2018.05.26"]

1. d4 c5 2. d5 Nf6 3. c4 e6 4. Nc3 exd5 5. cxd5 d6 6. e4 g6 7. h3 a6 8. a4 Nbd7
9. Nf3 Bg7 10. Bd3 Nh5 11. Bg5 Bf6 12. Be3 Ne5 13. Be2 Nxf3+ 14. Bxf3 Ng7 15.
O-O O-O 16. Qd2 b6 17. Rab1 Be5 18. Bg5 f6 19. Bh6 f5 20. Bg5 Qe8 21. Rfe1 f4
22. b4 Ra7 23. bxc5 bxc5 24. Rb8 Qf7 25. a5 h6 26. Bxh6 Qf6 27. Na4 g5 28. Bxg7
Rxg7 29. Qd1 g4 30. Bxg4 Bxg4 31. Rxf8+ Kxf8 32. hxg4 Qh4 33. Qf3 Rxg4 34. Rb1
Bd4 35. Rb8+ Kg7 36. Rb7+ Kh6 37. Rd7 Rg3 38. Rxd6+ Kg5 39. Qe2 Ra3 40. Nb2 Ra1+
41. Nd1 Rxd1+ 0-1

[Event "TCh-FRA Top 12 2018"]
[Site "Brest FRA"]
[Date "2018.05.29"]
[Round "4.5"]
[Board "2"]
[White "Fedorchuk, Sergey A."]
[Black "Zhigalko, Sergei"]
[Result "1/2-1/2"]
[WhiteTitle "GM"]
[BlackTitle "GM"]
[WhiteElo "2637"]
[BlackElo "2606"]
[WhiteTeam "Evry Grand Roque"]
[BlackTeam "C.E. de BOIS COLOMBES"]
[WhiteFideId "14102536"]
[BlackFideId "13502956"]
[EventDate "2018.05.26"]

1. e4 e5 2. Nf3 Nc6 3. Bb5 a6 4. Ba4 Nf6 5. O-O Be7 6. d3 b5 7. Bb3 d6 8. a3 O-O
9. Nc3 Bg4 10. Be3 Nd4 11. Bxd4 exd4 12. Nd5 Nd7 13. h3 Bxf3 14. Qxf3 a5 15. Nf4
a4 16. Ba2 Rb8 17. Qd1 c6 18. Ne2 Qb6 19. Ng3 g6 20. f4 b4 21. axb4 Qxb4 22. Rb1
Kh8 23. Qg4 Nf6 24. Qe2 Nd7 25. Qg4 Nf6 26. Qe2 Nd7 27. Qg4 1/2-1/2

[Event "TCh-FRA Top 12 2018"]
[Site "Brest FRA"]
[Date "2018.05.29"]
[Round "4.5"]
[Board "3"]
[White "Cornette, Matthieu"]
[Black "Brochet, Philippe"]
[Result "1-0"]
[WhiteTitle "GM"]
[BlackTitle "IM"]
[WhiteElo "2600"]
[BlackElo "2409"]
[WhiteTeam "C.E. de BOIS COLOMBES"]
[BlackTeam "Evry Grand Roque"]
[WhiteFideId "620084"]
[BlackFideId "602469"]
[EventDate "2018.05.26"]

1. Nf3 d5 2. c4 e6 3. g3 Nf6 4. Bg2 Be7 5. d4 O-O 6. O-O dxc4 7. Ne5 Nc6 8. Nxc6
bxc6 9. Na3 Bxa3 10. bxa3 Rb8 11. Qa4 Qxd4 12. Be3 Qb2 13. Qxc4 Nd5 14. Bxa7 Ra8
15. Bd4 Qb5 16. Qc2 Ba6 17. e3 Qc4 18. Qe4 Nc3 19. Bxc3 Qxc3 20. Rfc1 Qxa3 21.
Qxc6 Ra7 22. Qc5 Qxc5 23. Rxc5 Bd3 24. a4 Rb8 25. a5 Kf8 26. Bc6 Rb1+ 27. Rxb1
Bxb1 28. e4 f6 29. f4 Ke7 30. e5 fxe5 31. fxe5 Bg6 32. Kf2 Be8 33. Be4 h6 34.
Ke3 Ba4 35. Kd4 c6 36. Kc4 Kd7 37. Kb4 Bb5 38. Rxb5 cxb5 39. Kxb5 Kc8 40. Kb6
Kb8 41. a6 h5 42. Bb7 g5 43. Kc6 1-0

[Event "TCh-FRA Top 12 2018"]
[Site "Brest FRA"]
[Date "2018.05.29"]
[Round "4.5"]
[Board "4"]
[White "Oratovsky, Michael"]
[Black "Vernay, Clovis"]
[Result "1/2-1/2"]
[WhiteTitle "GM"]
[BlackTitle "IM"]
[WhiteElo "2456"]
[BlackElo "2513"]
[WhiteTeam "Evry Grand Roque"]
[BlackTeam "C.E. de BOIS COLOMBES"]
[WhiteFideId "2802090"]
[BlackFideId "633046"]
[EventDate "2018.05.26"]

1. e4 e6 2. d4 d5 3. Nd2 dxe4 4. Nxe4 Nd7 5. g3 Be7 6. Bg2 Ngf6 7. Nxf6+ Bxf6 8.
Nf3 O-O 9. O-O e5 10. Be3 exd4 11. Bxd4 c6 12. a4 a5 13. Re1 Bxd4 14. Qxd4 Nf6
15. Qc5 Qd5 16. Qxd5 Nxd5 17. c3 1/2-1/2

[Event "TCh-FRA Top 12 2018"]
[Site "Brest FRA"]
[Date "2018.05.29"]
[Round "4.5"]
[Board "5"]
[White "Miton, Kamil"]
[Black "Relange, Eloi"]
[Result "1/2-1/2"]
[WhiteTitle "GM"]
[BlackTitle "GM"]
[WhiteElo "2604"]
[BlackElo "2455"]
[WhiteTeam "C.E. de BOIS COLOMBES"]
[BlackTeam "Evry Grand Roque"]
[WhiteFideId "1111914"]
[BlackFideId "600822"]
[EventDate "2018.05.26"]

1. d4 d6 2. e4 Nf6 3. Bd3 e5 4. Nf3 Nbd7 5. O-O g6 6. c3 Bg7 7. Re1 O-O 8. Bg5
h6 9. Bh4 c6 10. Nbd2 Qc7 11. a4 Re8 12. Nc4 Nb6 13. Ne3 a5 14. Nd2 Nh5 15. dxe5
dxe5 16. Ndc4 Bf6 17. Bxf6 Nxf6 18. Nxb6 Qxb6 19. Nc4 Qc5 20. Qf3 1/2-1/2

[Event "TCh-FRA Top 12 2018"]
[Site "Brest FRA"]
[Date "2018.05.29"]
[Round "4.5"]
[Board "6"]
[White "Leroy, Didier"]
[Black "Shoker, Samy"]
[Result "0-1"]
[WhiteTitle "IM"]
[BlackTitle "GM"]
[WhiteElo "2297"]
[BlackElo "2475"]
[WhiteTeam "Evry Grand Roque"]
[BlackTeam "C.E. de BOIS COLOMBES"]
[WhiteFideId "610950"]
[BlackFideId "627143"]
[EventDate "2018.05.26"]

1. d4 g6 2. e4 Bg7 3. Nc3 d6 4. g3 Nf6 5. Bg2 O-O 6. Nge2 Nbd7 7. O-O c5 8. h3
Rb8 9. a4 b6 10. b3 cxd4 11. Nxd4 Bb7 12. Re1 a6 13. Bg5 h6 14. Bc1 Re8 15. g4
Qc8 16. Bb2 Nc5 17. Re3 e6 18. Rb1 Rd8 19. Nde2 Ba8 20. Nf4 b5 21. axb5 axb5 22.
b4 Ncd7 23. Qe2 Bc6 24. Na2 Nb6 25. Rg3 Nc4 26. Bxf6 Bxf6 27. Nc1 Bg7 28. h4 Qc7
29. Ncd3 Ra8 30. g5 h5 31. Bh3 e5 32. Nd5 Bxd5 33. exd5 Na3 34. Rc1 Qc4 35. Bg2
Qxh4 36. Be4 Rac8 37. Kg2 Rxc2 38. Rxc2 Nxc2 39. f3 Nd4 40. Qe3 Ra8 41. Rh3 Ra2+
42. Nf2 Qf4 43. Qxf4 exf4 44. Rh1 Nb3 45. Rb1 Nd2 0-1